Statistics for California Gurls - Lyrics

Click here to take the quiz!

General Stats

  • This quiz has been taken 16 times
  • The average score is 236 of 407

Answer Stats

Answer% Correct
California
100%
girls
100%
girl's
100%
I
100%
to
100%
To
100%
a
93%
on
93%
The
93%
the
93%
top
93%
we
93%
We
93%
Where
93%
you
93%
You
93%
Daisy
87%
dukes
87%
hot
87%
it
87%
We're
87%
are
80%
is
80%
so
80%
your
80%
And
73%
and
73%
Bikinis
73%
grass
73%
its
73%
n'
73%
popsicle
73%
There
73%
be
67%
in
67%
In
67%
love
67%
melt
67%
No
67%
oh
67%
place
67%
really
67%
unforgettable
67%
coast
60%
got
60%
greener
60%
know
60%
skin
60%
undeniable
60%
West
60%
west
60%
lock
53%
must
53%
something
53%
Sun-kissed
53%
their
53%
up
53%
us
53%
water
53%
We'll
53%
with
53%
But
47%
'cause
47%
'Cause
47%
close
47%
could
47%
falling
47%
fit
47%
fresh
47%
gettin'
47%
golden
47%
heavy
47%
her
47%
Kiss
47%
most
47%
nothing
47%
out
47%
party
47%
ready
47%
These
47%
travel
47%
Uh
47%
wet
47%
wild
47%
Wild
47%
world
47%
Yeah
47%
yeah
47%
You'll
47%
all
40%
All
40%
Beach
40%
beach
40%
comes
40%
fierce
40%
Fine
40%
hands
40%
here
40%
I'm
40%
Katy
40%
L.A.
40%
Laying
40%
my
40%
Now
40%
palm
40%
Palm
40%
put
40%
She
40%
take
40%
trees
40%
underneath
40%
Warm
40%
ass
33%
At
33%
boys
33%
Break
33%
buns
33%
don't
33%
gin
33%
hanging
33%
huh
33%
juice
33%
Just
33%
Let's
33%
like
33%
little
33%
loved
33%
man
33%
martinis
33%
mean
33%
mind
33%
necks
33%
Once
33%
one
33%
our
33%
peek
33%
queenie
33%
represent
33%
sand
33%
Sex
33%
she's
33%
Sippin'
33%
sneak
33%
Snoop
33%
Squeeze
33%
stereo
33%
stilettos
33%
that
33%
Toned
33%
touch
33%
Turn
33%
baby
27%
bangin'
27%
bay
27%
creep
27%
doggy-dog
27%
drive
27%
freak
27%
Greetings
27%
Home
27%
jeep
27%
journey
27%
king
27%
lady
27%
live
27%
looky
27%
okay
27%
ones
27%
ooh
27%
play
27%
representing
27%
Springs
27%
Summertime
27%
Try'na
27%
Undone
27%
Venice
27%
weenies
27%
won't
27%
ya
27%
zucchinis
27%
everything
20%
tand
13%

Score Distribution

Percentile by Number Answered

Percent of People with Each Score

Your Score History

You have not taken this quiz